ბათუმის შოთა რუსთაველის სახელმწიფო უნივერსიტეტის ბიბლიოთეკა

მედიცინის ისტორია და ზოგადი თეორია (ბიბ.ჩანაწერი № 43760)

000 -LEADER
fixed length control field 01179nam a2200253Ia 4500
001 - CONTROL NUMBER
control field 10505
003 - CONTROL NUMBER IDENTIFIER
control field GE_BSU
008 - FIXED-LENGTH DATA ELEMENTS--GENERAL INFORMATION
fixed length control field 181216s||||||||xx |||||||||||||| ||und||
020 ## - INTERNATIONAL STANDARD BOOK NUMBER
International Standard Book Number 9789941018763
040 ## - CATALOGING SOURCE
Transcribing agency GE_BSU
080 ## - UNIVERSAL DECIMAL CLASSIFICATION NUMBER
Universal Decimal Classification number 61(09)(075.8)
100 ## - MAIN ENTRY--PERSONAL NAME
Personal name შენგელია,რამაზ
245 ## - TITLE STATEMENT
Title მედიცინის ისტორია და ზოგადი თეორია
245 ## - TITLE STATEMENT
Remainder of title წ.1-2.ძველი აღმოსავლეთი.სამედიცინო ტრადიციები
245 ## - TITLE STATEMENT
Statement of responsibility, etc. წიგნზე მუშ.ჯილდა გურგენიძე,ეკა სანიკიძე.ნინო ჩიხლაძე.რედ.ნუნუ მინდაძე,ნანი ხელაია
260 ## - PUBLICATION, DISTRIBUTION, ETC.
Place of publication, distribution, etc. თბილისი
260 ## - PUBLICATION, DISTRIBUTION, ETC.
Name of publisher, distributor, etc. ენგადი
260 ## - PUBLICATION, DISTRIBUTION, ETC.
Date of publication, distribution, etc. 2012
300 ## - PHYSICAL DESCRIPTION
Extent 186გვ.28სმ.
653 ## - INDEX TERM--UNCONTROLLED
Uncontrolled term მედიცინის ისტორია და ზოგადი თეორია
653 ## - INDEX TERM--UNCONTROLLED
Uncontrolled term ძველი აღმოსავლეთი.სამედიცინო ტრადიციები
942 ## - ADDED ENTRY ELEMENTS (KOHA)
Koha item type წიგნი
ეგზემპლარები
Withdrawn status Lost status Damaged status Not for loan Date acquired Barcode Date last seen Price effective from Koha item type
        2018-12-17 34471 2018-12-17 2018-12-17 წიგნი
        2018-12-17 34472 2018-12-17 2018-12-17 წიგნი
        2018-12-17 34473 2018-12-17 2018-12-17 წიგნი
        2018-12-17 34474 2018-12-17 2018-12-17 წიგნი